000 00522nam a22001812 4500
001 0000003123
005 20170406114753.0
008 140508s xx 000 0 eng d
020 _a9780805880021 :
_c$
040 _aYour Holding Symbol
_cYour Holding Symbol
100 1 _aHinely Reg.
245 1 0 _aEducation in Edge city :
_bcases for reflection and action.
250 _a ed.
260 _aNew jersey :
_bMahwah,
_c1996.
300 _a225 p. ;
_c cm.
650 0 _aeducation.
908 _a140508
999 _c3002
_d3002